| 000 | 00494nam a2200181 i 4500 | ||
|---|---|---|---|
| 001 | 97116 | ||
| 003 | ES-MaACL | ||
| 005 | 20250801201858.0 | ||
| 007 | t| | ||
| 008 | 050706s1971 sp ||||1| cat d | ||
| 100 | 1 |
_aManyà, Joan B. _b1884-1976. _976191 |
|
| 245 | 1 | 3 |
_aLa crisi teológica / _cJ. B. Manyà. |
| 260 |
_aTortosa : _bDertosense, _c1971. |
||
| 300 |
_a206 p. ; _c21 cm. |
||
| 650 | 0 | 7 |
_aTeología _2embne _917457 |
| 852 |
_aES-MaACL _jC-47755 _bR.77788 |
||
| 999 |
_c97116 _d97116 |
||